000 00771pam a2200241 a 4500
001 1635978
005 20180827033910.0
008 960827s1997 maua b 001 0 eng c
010 _a 96035094
020 _a0316705136
040 _aDNLM/DLC
_cDLC
_dDLC
041 _aeng
060 1 0 _aWG 210 P543h 1997
080 _a616.12
082 0 0 _a616.12
_220
100 1 _a7
101 _akar
245 1 4 _aThe human heart :
_cBrendan Phibbs ; illustrations by Christopher Wikoff.
504 _aIncludes bibliographical references and index.
906 _a7
_bcbc
_corignew
_d1
_eocip
_f19
_gy-gencatlg
942 _2ddc
_cBK
999 _c47325
_d47325